000 00741 a2200205 4500
010 _aENG-89128
020 _a9780195695717
_c395.00
035 _aEN-72661
037 _bDBAD / PUB
082 1 4 _a300.72
090 _c10340
_d10340
100 1 _aBhargava, Rajeev
245 1 _aIndividualism in social science :
_cby Rajeev Bhargava
_bforms and limits of a methodology /
260 _aNew Delhi
_bOxford University Press
_c2008
270 _aYMCA Library Building, Jai Singh Road
_bNew Delhi
_e110 001
300 _a271p.
_c22cm (pbk)
500 _aIncludes bibliographial references and index
942 _adpl
_cEN
_k300.72 / BHA
999 _c10081
_d10081